00656nam a2200133 a 450000100100000000500170001000800410002704000250006808200160009310000520010924502630016126000680042430000300049200003156220240229073937.0110627s1937 dr c 000 0 spa d aDO-SdBNPbspacBNPHU axxxxbT866m1 aTrujillo Molina, Rafael Leónidas,d 1891-196110aMensaje del excelentísimo señor presidente de la República generalísimo Doctor Rafael L. Trujillo Molina benefactor de la patria depositado ante el Congreso Nacional el 27 de febrero de 1937, dando cuenta de su administración durante el año 1936. aCiudad Trujillo, República Dominicana :bLa Opinión,c1937. a66 p. :bretrs. ;c22 cm.